Miitopia Jobs - Statistics

General Stats
  • This quiz has been taken 163 times
  • The average score is 13 of 14
Answer Stats
Set Description Job % Correct
1 Deals stupendous damage, blasting away enemies with magical might. Mage
98%
1 Cooks up cures and stirs up trouble in equal parts with a trusty frying pan. Chef
97%
2 Dainty paws...cute little whiskers...vicious, shredding claws. Meowch! Cat
95%
1 Wields powerful swords, and is skilled at both attack and defence. Warrior
94%
1 Inspires the party with boundless energy and the magic of song! Pop Star
92%
3 A wicked weapon on wheels, packing a large cannon and plate armor. Tank
92%
2 Applies the power of science and technology to aid you in battle. Scientist
91%
1 Swift as the wind, with a repertoire of skills designed to confound enemies. Thief
91%
4 An ___ of the forest, armed with the power of an enchanted bow. Elf
88%
3 Refined. Charming. Elegant. Friend and foe alike bow to such majesty. Princess
87%
3 Harness the power of nature to brighten up everyone’s day. Flower
86%
1 The go-to support role. Tends to the party’s injuries with divine magic. Cleric
85%
2 Ever the cause of mischief and mayhem, but cute enough to get away with it. Imp
85%
4 This beateous immortal flourishes the forces of darkness with flair. Vampire
81%
No matching quizzes found
Score Distribution
Percent of People with Each Score
Percentile by Number Answered
Your Score History
You have not taken this quiz